Counties of Estonia Map Quiz - Statistics

General Stats
  • This quiz has been taken 1,124 times
  • The average score is 10 of 15
Answers on the Map
Answers color-coded by a green-red scale on the quiz's map according to % correct below.
 
Answer Stats
Answer % Correct
Saare
81%
Hiiu
80%
Harju
78%
Pärnu
76%
Ida-Viru
70%
Tartu
69%
Lääne
66%
Lääne-Viru
65%
Võru
64%
Valga
60%
Viljandi
60%
Rapla
56%
Jõgeva
54%
Järva
52%
Põlva
52%
No matching quizzes found
Score Distribution
Percent of People with Each Score
Percentile by Number Answered
Your Score History
You have not taken this quiz